000 00691nam a2200253Ia 4500
003 OSt
005 20220924123011.0
006 a|||||r|||| 00| 0
007 ta
008 220923b |||||||| |||| 00| 0 tel d
020 _cRs.12
024 _a347710
037 _cTextual
040 _aARTS
_cARTS
_btel
041 _2tel
_atel
082 _aO35,3NSI1,6, M3
100 _aVasireddy Sita Devi Au.
245 0 _aMaro Savitri Katha
260 _aMachilipatnam
_bSpandana Sahiti Samakhya India
_c1983
300 _a179p.
_ccm.
650 _aTELUGU LITERATURE
942 _hO35,3NSI1,6, M3
_cTEXL
_2CC
999 _c413924
_d413924